[Event "German Bundesliga 2021-22"]
[Site "Germany"]
[Date "2022.07.07"]
[Round "11.14"]
[White "Meessen, Rudolf"]
[Black "Zaragatski, Ilja"]
[Result "1-0"]
[WhiteElo "2239"]
[BlackElo "2512"]
[Annotator "TA"]
[PlyCount "66"]
[EventDate "2022.03.05"]
[EventType "team-tourn"]
[EventCountry "GER"]
[SourceTitle "playchess.com"]
[Source "ChessBase"]
[SourceQuality "1"]

1. d4 d5 2. Nc3 Nf6 3. Bf4 e6 4. Nb5 Na6 5. e3 Be7 6. Nf3 O-O 7. h4 c6 8. Nc3 b6 9. Ne5 Nb8 10. Qf3 c5 11. O-O-O Bb7 12. Bd3 Nc6 13. g4 Nb4 14. g5 Nxd3+ 15. cxd3 Ne8 16. h5 cxd4 17. g6 Nd6 18. exd4 Bf6 19. Qg4 Qe7 20. gxf7+ Nxf7 21. Rdg1 Bxe5 22. dxe5 Nh8 23. Rh3 Rf7 24. Rhg3 Rc8 25. Bg5 Qd7 26. Bf6 Rc7 27. Kb1 d4 28. Ne2 Kf8 29. Bxg7+ Rxg7 30. Qf4+ Ke8 31. Rxg7 Qxg7 32. Rg4 Qg6 33. Rxg6 Rg7 1-0

[Event "German Bundesliga 2021-22"]
[Site "Germany"]
[Date "2022.07.07"]
[Round "11.15"]
[White "Abergel, Thal"]
[Black "Huesmann, Thomas"]
[Result "1-0"]
[WhiteElo "2384"]
[BlackElo "2133"]
[Annotator "RC"]
[PlyCount "106"]
[EventDate "2022.03.05"]
[EventType "team-tourn"]
[EventCountry "GER"]
[SourceTitle "playchess.com"]
[Source "ChessBase"]
[SourceQuality "1"]

1. e4 e5 2. Nf3 Nc6 3. Bc4 Nf6 4. Ng5 d5 5. exd5 Na5 6. Bb5+ Bd7 7. Qe2 Be7 8. Nc3 Bxb5 9. Qxb5+ c6 10. dxc6 Nxc6 11. O-O O-O 12. Qe2 Nd5 13. Nf3 Ndb4 14. d3 Nd4 15. Nxd4 exd4 16. Ne4 Rc8 17. c4 dxc3 18. Nxc3 Bf6 19. Ne4 Be7 20. Rd1 f5 21. Nc3 Bd6 22. d4 Kh8 23. a3 Nc6 24. d5 Re8 25. Qh5 Ne5 26. Qxf5 Qh4 27. g3 Qc4 28. Qe4 Qxe4 29. Nxe4 Nf3+ 30. Kg2 Nh4+ 31. gxh4 Rxe4 32. Be3 Rxh4 33. h3 a6 34. Rac1 Rf8 35. Bc5 Rh6 36. Bxd6 Rxd6 37. Rc7 Rb8 38. Rd3 Kg8 39. h4 Rbd8 40. Rxb7 Rxd5 41. Rxd5 Rxd5 42. b4 a5 43. b5 a4 44. b6 Rb5 45. Kg3 h6 46. Rb8+ Kf7 47. b7 Rb2 48. Kg4 Rb5 49. Kg3 Kg6 50. Kg4 Rb3 51. h5+ Kh7 52. Kf4 g6 53. Ke4 g5 1-0